000 00633nam a2200253Ia 4500
005 20260121154307.0
008 008 260114s9999 xx 000 0 eng d
020 _a9781003213482
037 _aEBOOK
040 _aCRL
040 _beng
040 _cCRL
041 _2eng
041 _aeng
084 _qCRL
100 _a Sjoerd Mulder
_91005422
245 4 _aThe Turn to The Church in The Twentieth and Twenty-First Centuries
260 _bTaylor and Francis
260 _c2022
856 _uhttp://www.taylorfrancis.com/books/9781003213482
942 _cEBOOK
999 _c1572243
_d1572243